Stephen King Characters-Sudden Death - Statistics

General Stats
  • This quiz has been taken 116 times
  • The average score is 8 of 17
Answers on the Grid
Answers color-coded by a green-red scale on the quiz's grid according to % correct below.
Jack Torrance
Annie Wilks
Burton Guster
Beverly Marsh
Paul Sheldon
Gary Barkovitch
R.J. MacReady
Andy Dufresne
Roland T. Owen
Billy Halleck
Norman Bates
Ernst Stavro Blofeld
Dick Hallorann
Leland Guant
Jim Gardley
John Coffey
Delbert Grady
Horror Horwitz
Zelda Goldman
John Shooter
Sluggsy Morant
Max Frost
Anatoli Knyazev
Trashcan Man
Carrie White
Snake Plissken
Arnold Toht
Ace Merrill
Mike Hanlon
Fletcher Reede
 
Answer Stats
Answer % Correct
Jack Torrance
93%
Annie Wilks
73%
Carrie White
72%
Beverly Marsh
65%
Dick Hallorann
61%
Andy Dufresne
58%
Mike Hanlon
57%
John Coffey
45%
Paul Sheldon
45%
Delbert Grady
36%
Trashcan Man
35%
Ace Merrill
27%
Billy Halleck
27%
Leland Guant
23%
Gary Barkovitch
22%
Zelda Goldman
16%
John Shooter
14%
No matching quizzes found
Score Distribution
Percent of People with Each Score
Percentile by Number Answered
Your Score History
You have not taken this quiz